000 00235nam a2200097Ia 4500
005 20251222114341.0
008 251222s1900||||xx |||||||||||||| ||spa||
082 _aDVD0070/L36/2000
245 0 _aCadena de favores:Pay it Forward
942 _cDVD
999 _c871
_d871